| 000 | 00473cam a2200193 4500 | ||
|---|---|---|---|
| 001 | B264 | ||
| 008 | 090401t1925 xxu||||| |||| 00| 0 eng d | ||
| 035 | _a(Sirsi) u34676 | ||
| 041 | _aeng | ||
| 050 | _a622.1 | ||
| 100 | _aWiniberg, Frederick | ||
| 245 | _aMetalliferous mine surveying | ||
| 260 |
_aLondon _bMining Publications Ltd _c1925 |
||
| 300 | _avii,222p. : ill. ; 22cm. | ||
| 350 | _a0 | ||
| 650 | _aMINERALS AND MINING | ||
| 942 | _n0 | ||
| 948 | _c04/03/1997 | ||
| 999 |
_c89980 _d89980 |
||